00575nam a2200193 a 450000100060000000300080000600500170001400800410003103500190007204000260009104100080011708200220012510000210014724500840016826000450025230000200029765000150031770000490033259072BD-RjUL20211209080706.0161220r19651962enk 001 0 eng d a(BD-RjUL)59196 aBD-RjULbengcBD-RjUL aeng 223a658bJEI 19651 aJervis, F. R. J.13aAn introduction to industrial administration /cby F.R.J. Jervis and W.F. Frank aLondon :bHarrap,c1962 [Reprinted 1965] a597 p. ;c23 cm 0aManagement1 aFrank, W. F.q(William Francis),d1915-1977.